00401 a2200121 4500001001000000005001700010008004100027245007700068100002400145700002100169773007200190999001700262ART_1180420260410161900.0260409a 10aImplicit social preferences in the Norwegian system of indirect taxation1 aChristiansen, Vidar1 aJansen, Eilev S.0 tJournal of public economicsg- Vol. 10, NÂș 2 (oct. 1978)wREV11485 c25850d25850